[Event "aston294"]
[Site "SchemingMind.com"]
[Date "2009.11.18"]
[Round "-"]
[White "spoke"]
[Black "lame wolf"]
[Result "1-0"]
[WhiteCountry "GER"]
[BlackCountry "INT"]
[WhiteElo "1771"]
[WhiteRD "60"]
[BlackElo "1097"]
[BlackRD "53"]
[GameID "227096"]

1. e4 c5 2. Nf3 d5 3. exd5 Qxd5 4. Nc3 Qd8 5. Bc4 Nc6 6. a3 b6 7. d3 Bb7 8. O-O Nf6 9. Re1 e6 10. Bg5 Nd4
11. Ne4 Bd5 12. Bxd5 exd5 13. Nxf6#
1-0

[Event "aston294"]
[Site "SchemingMind.com"]
[Date "2009.11.18"]
[Round "-"]
[White "lame wolf"]
[Black "spoke"]
[Result "0-1"]
[WhiteCountry "INT"]
[BlackCountry "GER"]
[WhiteElo "1097"]
[WhiteRD "53"]
[BlackElo "1771"]
[BlackRD "60"]
[GameID "227101"]

1. Nf3 d5 2. d4 g6 3. e3 Bg7 4. Bd3 Nd7 5. Bd2 c5 6. O-O c4 7. Be2 e5 8. c3 e4 9. Ne5 Nxe5 10. dxe5 Bxe5
11. b3 Qh4 12. g3 Qf6 13. f4 Bd6 14. b4 Bh3 15. Rf2 h5 16. Bf1 Bxf1 17. Qxf1 h4 18. g4 Bxb4 19. g5 Qg7 20. a3 Bc5
21. h3 f6 22. Qg2 f5 23. Be1 Bxe3 24. Kh2 Bxf2 25. Bxf2 Qc7 26. Bd4 Qxf4+ 27. Kg1 Rh5 28. Nd2 Rxg5
0-1

[Event "aston294"]
[Site "SchemingMind.com"]
[Date "2009.11.23"]
[Round "-"]
[White "maro"]
[Black "somar96"]
[Result "0-1"]
[WhiteCountry "MEX"]
[BlackCountry "POL"]
[WhiteElo "1327"]
[WhiteRD "48"]
[BlackElo "1693"]
[BlackRD "143"]
[GameID "227465"]

1. c4 c5 2. d4 cxd4 3. c5 Nc6 4. e3 dxe3 5. Bxe3 Nf6 6. Bc4 e6 7. Bb5 Qa5+ 8. Nc3 a6 9. Bxc6 bxc6 10. Ne2 Bxc5
11. Bxc5 Qxc5 12. Na4 Qa5+ 13. Nec3 O-O 14. O-O d5 15. b3 c5 16. Ne2 Bd7 17. Nec3 Bxa4 18. bxa4 Qxc3 19. Rc1 Qa5
0-1

[Event "aston294"]
[Site "SchemingMind.com"]
[Date "2009.11.23"]
[Round "-"]
[White "somar96"]
[Black "maro"]
[Result "1-0"]
[WhiteCountry "POL"]
[BlackCountry "MEX"]
[WhiteElo "1914"]
[WhiteRD "62"]
[BlackElo "1277"]
[BlackRD "51"]
[GameID "227470"]

1. Nf3 Nf6 2. c4 d6 3. Nc3 c5 4. d4 Na6 5. e4 Ng4 6. h3 Nxf2 7. Kxf2 b6 8. Be3 cxd4 9. Bxd4 e5 10. Be3 Be7
11. Be2 Nc5 12. Bxc5 bxc5 13. Nd5 Bh4+ 14. g3 Bg5 15. h4 Bf6 16. Qa4+ Bd7 17. Qc2 Bg4 18. Rad1 Be6 19. Qa4+ Bd7 20. Qa6 O-O
21. Qxd6 Rb8 22. Nxf6+ gxf6 23. Qxd7
1-0

[Event "aston294"]
[Site "SchemingMind.com"]
[Date "2009.12.05"]
[Round "-"]
[White "aston294"]
[Black "Eden"]
[Result "0-1"]
[WhiteCountry "ENG"]
[BlackCountry "CZE"]
[WhiteElo "1056"]
[WhiteRD "68"]
[BlackElo "1448"]
[BlackRD "72"]
[GameID "229537"]

1. d4 f5 2. Nf3 b6 3. Qd3 e6 4. Ne5 Bb7 5. e4 Bxe4 6. Qe3 Bxc2 7. Nd2 c5 8. Ndc4 d5 9. Nd2 a6 10. dxc5 Bxc5
11. Qc3 Qf6 12. Qxc2 Qxe5+ 13. Be2 Nf6 14. Nf3 Qe4 15. Qxe4 Nxe4 16. Ne5 Bxf2+ 17. Kd1 Bd4 18. Bh5+ g6 19. Bf3 Nf2+ 20. Ke1 Nxh1
21. Nc6 Nxc6 22. a4 Rc8 23. a5 bxa5 24. Bd2 Bxb2 25. Rb1 Bd4 26. g4 Nf2 27. gxf5 gxf5 28. Bg5 Rg8 29. Ke2 Rxg5 30. h4 Rg7
31. Rd1 Rb7 32. Rf1 Rb2+ 33. Ke1 Bc3#
0-1

[Event "aston294"]
[Site "SchemingMind.com"]
[Date "2009.12.05"]
[Round "-"]
[White "ichabod801"]
[Black "XTC"]
[Result "0-1"]
[WhiteCountry "USA"]
[BlackCountry "COL"]
[WhiteElo "1121"]
[WhiteRD "293"]
[BlackElo "1739"]
[BlackRD "49"]
[GameID "229538"]

1. e4 e5 2. Nf3 Nc6 3. d4 exd4 4. Nxd4 Nf6 5. Nc3 Bb4 6. Nxc6 Bxc3+ 7. bxc3 dxc6 8. Bd3 Qe7 9. O-O O-O 10. Bg5 Qe5
11. f4 Qxc3 12. e5 Qd4+ 13. Kh1 Ne4 14. Re1 Nf2+
0-1

[Event "aston294"]
[Site "SchemingMind.com"]
[Date "2009.12.09"]
[Round "-"]
[White "Eden"]
[Black "aston294"]
[Result "1-0"]
[WhiteCountry "CZE"]
[BlackCountry "ENG"]
[WhiteElo "1467"]
[WhiteRD "73"]
[BlackElo "1099"]
[BlackRD "76"]
[GameID "229543"]

1. e4 e5 2. Qh5 g6 3. Qxe5+ Qe7 4. Qxh8 Qxe4+ 5. Ne2 Ne7 6. d3 Qc6 7. Nbc3 Nf5 8. Qxh7 Nd4 9. Nxd4 Qd6 10. Be3 Qe5
11. O-O-O Bc5 12. Ncb5 Bxd4 13. Nxd4 Nc6 14. Nxc6 bxc6 15. Re1 Ba6 16. Bd2 Rb8 17. Rxe5+ Kf8 18. Bh6#
1-0

[Event "aston294"]
[Site "SchemingMind.com"]
[Date "2009.12.05"]
[Round "-"]
[White "XTC"]
[Black "ichabod801"]
[Result "1-0"]
[WhiteCountry "COL"]
[BlackCountry "USA"]
[WhiteElo "1818"]
[WhiteRD "48"]
[BlackElo "1108"]
[BlackRD "284"]
[GameID "229544"]

1. e4 e5 2. Nf3 Nf6 3. Nxe5 d6 4. Nf3 Nxe4 5. d4 d5 6. Bd3 Nc6 7. Qe2 Bf5 8. Be3 Qe7 9. O-O O-O-O 10. Nc3 a6
11. Bxa6 Nb4 12. Bd3 Nxd3 13. cxd3 Nxc3 14. bxc3 g6 15. c4 Bg7 16. cxd5 Rxd5 17. Qc2 Kd7 18. Bf4 Rc8 19. Qb3 Be6 20. Ne5+ Bxe5
21. dxe5 Rd4 22. Qb5+ c6 23. Qxb7+ Rc7 24. Qb6 Rxf4 25. a4 Rb4 26. Qe3 Kd8 27. a5 Ra7 28. Rfc1 Bd5 29. a6 Qc7 30. Qc5 Qe7
31. Qe3 Rb5 32. h3 Qc7 33. Qf4 f5 34. Qe3 Rb6 35. Ra5 Raxa6 36. Rxd5+ Kc8 37. e6 Qe7 38. Rd7 Qe8 39. Rxh7 Rb7 40. Rxb7 Kxb7
41. Rb1+ Kc7 42. Qf4+
1-0

[Event "aston294"]
[Site "SchemingMind.com"]
[Date "2009.12.06"]
[Round "-"]
[White "waldron"]
[Black "BigDaddy"]
[Result "1-0"]
[WhiteCountry "USA"]
[BlackCountry "AUT"]
[WhiteElo "2242"]
[WhiteRD "68"]
[BlackElo "1331"]
[BlackRD "51"]
[GameID "229794"]

1. c4 Nf6 2. g3 e5 3. Bg2 d5 4. cxd5 Nxd5 5. Nf3 Nc6 6. d3 Bc5 7. O-O O-O 8. Nc3 Nxc3 9. bxc3 Bd7 10. d4 Bd6
11. Rb1 b6 12. dxe5 Bc5 13. Qd3 f5 14. Rd1 Rf7 15. Ng5 Re7 16. Qc4+ Kf8 17. Nxh7+ Ke8 18. Qg8#
1-0

[Event "aston294"]
[Site "SchemingMind.com"]
[Date "2009.12.06"]
[Round "-"]
[White "thaipham"]
[Black "Brian Acebo"]
[Result "1/2-1/2"]
[WhiteCountry "AUS"]
[BlackCountry "USA"]
[WhiteElo "1668"]
[WhiteRD "94"]
[BlackElo "1525"]
[BlackRD "68"]
[GameID "229795"]

1. d4 d5 2. c4 dxc4 3. e4 e6 4. Bxc4 a6 5. Nf3 Bb4+ 6. Bd2 Bxd2+ 7. Nbxd2 Ne7 8. O-O O-O 9. Qc2 b5 10. Bd3 Bb7
11. Rac1 c6 12. Nb3 Nd7 13. Rfd1 Rc8 14. Nc5 Nxc5 15. Qxc5 Ng6 16. g3 Qc7 17. Bb1 Rfd8 18. b4 Rd7 19. a3 a5 20. Ba2 axb4
21. axb4 Qd6 22. e5 Qxc5 23. dxc5 Rcd8 24. Bb3 Rxd1+ 25. Rxd1 Rxd1+ 26. Bxd1 Kf8= 27. Kf1 Ke7 28. Ke2 h6 29. Ke3 f6 30. exf6+ gxf6
31. Nd4 Ne5 32. f4 Nd7 33. Kf3 f5 34. h3 Nf6 35. Bb3 Nd5 36. Bxd5 cxd5 37. g4 fxg4+ 38. hxg4 Kf6 39. Ke3 Ba6 40. c6 e5
41. fxe5+ Kxe5 42. c7 Kd6 43. Nxb5+ Kd7 44. Nc3 Kxc7 45. Nxd5+ Kd6 46. Kd4 Bc8 47. b5 Bxg4 48. b6 Bc8 49. Nf4 Kc6 50. Ke5 Bg4
51. Kf6=
1/2-1/2

[Event "aston294"]
[Site "SchemingMind.com"]
[Date "2009.12.06"]
[Round "-"]
[White "BigDaddy"]
[Black "waldron"]
[Result "0-1"]
[WhiteCountry "AUT"]
[BlackCountry "USA"]
[WhiteElo "1331"]
[WhiteRD "51"]
[BlackElo "2242"]
[BlackRD "68"]
[GameID "229802"]

1. e4 e5 2. Nf3 Nc6 3. Bc4 Bc5 4. b4 Bxb4 5. c3 Ba5 6. d4 exd4 7. Nxd4 Ne5 8. Qe2 Nf6 9. O-O O-O 10. Bg5 d6
11. Bxf6 Qxf6 12. f4 Nxc4 13. Qxc4 Re8 14. Qe2 Bxc3 15. Nxc3 Qxd4+ 16. Kh1 Qxc3 17. Rac1 Qa5 18. Rf3 Bg4
0-1

[Event "aston294"]
[Site "SchemingMind.com"]
[Date "2009.12.06"]
[Round "-"]
[White "Brian Acebo"]
[Black "thaipham"]
[Result "0-1"]
[WhiteCountry "USA"]
[BlackCountry "AUS"]
[WhiteElo "1595"]
[WhiteRD "70"]
[BlackElo "1673"]
[BlackRD "91"]
[GameID "229803"]

1. e4 e6 2. d4 d5 3. Nc3 Nf6 4. e5 Nfd7 5. Nf3 a6 6. Bg5 f6 7. exf6 Nxf6 8. Qd2 c5 9. dxc5 Bxc5 10. O-O-O Nc6
11. a3 O-O 12. h4 Qc7 13. h5 Ng4 14. h6 g6 15. Bh4 Bd7 16. Bd3 Nce5 17. Nxe5 Qxe5 18. Rde1 Qd6 19. f3 Ne5 20. Re2 b5
21. Rhe1 Nc4 22. Bxc4 bxc4 23. Bg5 Bxa3 24. bxa3 Qxa3+ 25. Kd1 Qa1+ 26. Qc1 Qxc3 27. Bd2 Qd4 28. c3 Ba4+
0-1

[Event "aston294"]
[Site "SchemingMind.com"]
[Date "2009.12.12"]
[Round "-"]
[White "jtrochez1"]
[Black "Gary"]
[Result "1-0"]
[WhiteCountry "HON"]
[BlackCountry "ENG"]
[WhiteElo "1519"]
[WhiteRD "55"]
[BlackElo "1196"]
[BlackRD "61"]
[GameID "230659"]

1. e4 c5 2. Nf3 d6 3. h3 Nc6 4. d4 cxd4 5. Nxd4 Nf6 6. Nc3 a6 7. Nxc6 bxc6 8. Bd3 g6 9. Ne2 Bg7 10. O-O O-O
11. c3 Bb7 12. Ng3 e5 13. Be3 Qc7 14. f4
1-0

[Event "aston294"]
[Site "SchemingMind.com"]
[Date "2009.12.12"]
[Round "-"]
[White "Gary"]
[Black "jtrochez1"]
[Result "0-1"]
[WhiteCountry "ENG"]
[BlackCountry "HON"]
[WhiteElo "1196"]
[WhiteRD "61"]
[BlackElo "1519"]
[BlackRD "55"]
[GameID "230665"]

1. e4 e5 2. Nf3 Nc6 3. Bb5 d6 4. h3 Bd7 5. O-O a6 6. Ba4 Nf6 7. Re1 Be7 8. c3 O-O 9. d4 b5 10. Bc2 Qc8
11. Kh2 h6 12. Nbd2 Bd8 13. a4 Nh7
0-1

[Event "aston294"]
[Site "SchemingMind.com"]
[Date "2009.12.13"]
[Round "-"]
[White "Gammon"]
[Black "Manfred Kraut"]
[Result "0-1"]
[WhiteCountry "USA"]
[BlackCountry "GER"]
[WhiteElo "1394"]
[WhiteRD "49"]
[BlackElo "1437"]
[BlackRD "77"]
[GameID "230782"]

1. d4 g6 2. c4 Bg7 3. e4 d6 4. Nc3 Nf6 5. Be2 O-O 6. Bg5 c5 7. dxc5 dxc5 8. e5 Qxd1+ 9. Rxd1 Be6 10. Nf3 Nfd7
11. Bxe7 Re8 12. Bg5 Nxe5 13. Ne4 Nbc6 14. O-O Nxc4 15. b3 Nb2 16. Rd2 a5 17. Rxb2 Bxb2 18. Bf6 Bd5 19. Nd6 Rxe2 20. Re1 Bxf3
0-1

[Event "aston294"]
[Site "SchemingMind.com"]
[Date "2009.12.13"]
[Round "-"]
[White "Manfred Kraut"]
[Black "Gammon"]
[Result "0-1"]
[WhiteCountry "GER"]
[BlackCountry "USA"]
[WhiteElo "1368"]
[WhiteRD "75"]
[BlackElo "1424"]
[BlackRD "52"]
[GameID "230787"]

1. d4 d5 2. Nf3 Nc6 3. e3 Bg4 4. Nbd2 e6 5. Be2 Nf6 6. O-O Be7 7. c4 O-O 8. c5 b6 9. Qa4 Na5 10. cxb6 axb6
11. Qc2 Nb7 12. b3 Bd6 13. h3 Bf5 14. Bd3 Ne4 15. Nxe4 dxe4 16. Bxe4 Qe7 17. Bxb7 Bxc2 18. Bxa8 Rxa8 19. a4 Bxb3 20. Ne5 Rxa4
21. Rxa4 Bxa4 22. Nc4 b5 23. Nb2 Ba3 24. g3 Bxb2 25. Bxb2 g6 26. Ra1 Qb4 27. Rb1 Bc2 28. Rc1 Qxb2
0-1

[Event "aston294"]
[Site "SchemingMind.com"]
[Date "2009.12.15"]
[Round "-"]
[White "Phillip Beckett"]
[Black "R.Leydon"]
[Result "1/2-1/2"]
[WhiteCountry "ENG"]
[BlackCountry "IRL"]
[WhiteElo "1745"]
[WhiteRD "62"]
[BlackElo "1513"]
[BlackRD "82"]
[GameID "230905"]

1. e4 e5 2. Nf3 Nc6 3. Bb5 Nf6 4. d3 a6 5. Ba4 Bc5 6. c3 h6 7. O-O O-O 8. Nbd2 b5 9. Bc2 d6 10. h3 Be6
11. Re1 d5 12. exd5 Qxd5 13. Nf1 Nh5 14. Ne3 Qd6 15. Bb3 Bxb3 16. axb3 g6 17. b4 Bb6 18. Ng4 g5 19. Ngxe5 Rfe8 20. Nxc6 Qxc6
21. Be3 Bxe3 22. Rxe3 Nf6 23. Rxe8+ Rxe8 24. Qd2 Nd5 25. Re1 Nf4 26. Rxe8+ Qxe8 27. Kf1 c6 28. d4 Qe4 29. Qd1 f6 30. Qe1 Qd3+
31. Kg1 Ne2+ 32. Kh1 Qc2 33. Qd2 Qe4 34. Qe3 Qb1+ 35. Kh2 Qxb2 36. Qe8+ Kg7 37. Qe7+ Kg6 38. Qe8+ Kg7 39. Qe7+=
1/2-1/2

[Event "aston294"]
[Site "SchemingMind.com"]
[Date "2009.12.14"]
[Round "-"]
[White "Frenchy"]
[Black "Teagy"]
[Result "0-1"]
[WhiteCountry "CAN"]
[BlackCountry "ENG"]
[WhiteElo "1832"]
[WhiteRD "76"]
[BlackElo "1834"]
[BlackRD "82"]
[GameID "230906"]

1. e4 e6 2. d4 d5 3. Nc3 Bb4 4. e5 c5 5. a3 Bxc3+ 6. bxc3 Qc7 7. Nf3 b6 8. Bb5+ Bd7 9. Bd3 Nc6 10. O-O Nge7
11. Re1 c4 12. Be2 O-O 13. h4 f6 14. exf6 Rxf6 15. Bg5 Rff8 16. Bf1 Nf5 17. g3 Nxg3 18. Kg2 Nxf1 19. Kxf1 h6 20. Bd2 e5
0-1

[Event "aston294"]
[Site "SchemingMind.com"]
[Date "2009.12.15"]
[Round "-"]
[White "R.Leydon"]
[Black "Phillip Beckett"]
[Result "0-1"]
[WhiteCountry "IRL"]
[BlackCountry "ENG"]
[WhiteElo "1470"]
[WhiteRD "80"]
[BlackElo "1736"]
[BlackRD "60"]
[GameID "230915"]

1. e4 e5 2. f4 Qh4+ 3. g3 Qe7 4. Nc3 exf4 5. d4 fxg3 6. hxg3 d5 7. Bd3 dxe4 8. Nxe4 f5 9. Bg5 Nf6 10. Bxf6 gxf6
11. Qh5+ Kd8 12. O-O-O fxe4 13. Be2 Bd7 14. d5 Qe8 15. g4 Qxh5 16. Rxh5 Be8 17. Rf5 Be7 18. Rd4 Bg6 19. Rf2 Bc5 20. c3 Bxd4
21. cxd4 Nd7 22. Bb5 a6 23. Be2 Ke7 24. Nh3 Nb6 25. Nf4 Rad8 26. b3 Nxd5 27. Nxd5+ Rxd5 28. Bc4 Rxd4 29. Rf4 Rhd8
0-1

[Event "aston294"]
[Site "SchemingMind.com"]
[Date "2009.12.14"]
[Round "-"]
[White "Teagy"]
[Black "Frenchy"]
[Result "1-0"]
[WhiteCountry "ENG"]
[BlackCountry "CAN"]
[WhiteElo "1834"]
[WhiteRD "82"]
[BlackElo "1832"]
[BlackRD "76"]
[GameID "230916"]

1. e4 c5 2. Nc3 Nc6 3. g3 g6 4. Bg2 Bg7 5. d3 d6 6. f4 e6 7. Nf3 Nge7 8. O-O O-O 9. Rb1 Rb8 10. Be3 b5
11. g4 f5 12. g5 d5 13. Bxc5 b4 14. exf5 bxc3 15. f6 Bxf6 16. gxf6 Rxf6 17. bxc3= Rxb1 18. Qxb1 Rxf4 19. Qc1 Rf7 20. Qa3
1-0

[Event "aston294"]
[Site "SchemingMind.com"]
[Date "2009.12.15"]
[Round "-"]
[White "The Capitalist"]
[Black "TONYTODD11"]
[Result "0-1"]
[WhiteCountry "USA"]
[BlackCountry "ENG"]
[WhiteElo "1560"]
[WhiteRD "84"]
[BlackElo "1514"]
[BlackRD "72"]
[GameID "231183"]

1. e4 c6 2. d4 d5 3. Nc3 f5 4. exd5 cxd5 5. Bf4 Nf6 6. Nb5 Na6 7. Be2 Bd7 8. Nc7+ Nxc7 9. Bxc7 Qxc7 10. Nf3 e6
11. Ne5 Bb4+ 12. c3 Bd6 13. Nxd7 Nxd7 14. Qa4 O-O 15. Bb5 Rfd8 16. O-O Bxh2+ 17. Kh1 Qf4 18. Bxd7 Qh6 19. g3 Qh3 20. Bxe6+ Kh8
21. Rfe1 Bxg3+ 22. Kg1 Qh2+
0-1

[Event "aston294"]
[Site "SchemingMind.com"]
[Date "2009.12.15"]
[Round "-"]
[White "diari"]
[Black "Aquila"]
[Result "1-0"]
[WhiteCountry "HUN"]
[BlackCountry "HUN"]
[WhiteElo "1660"]
[WhiteRD "194"]
[BlackElo "1422"]
[BlackRD "83"]
[GameID "231184"]

1. d4 h6 2. e4 d5 3. exd5 Qxd5 4. Nc3 Qe6+ 5. Be2 Nf6 6. Nf3 a6 7. O-O Nbd7 8. Re1 Qd6 9. Bc4 b5 10. Bb3 e6
11. Ne2 g5 12. a3 Bb7 13. Qd3 Be4 14. Qc3 Bxf3 15. Qxf3 c6 16. Ng3 g4 17. Qc3 Kd8 18. Ne4 Nxe4 19. Rxe4 Rg8 20. Bf4 Qe7
21. Qxc6 Rc8 22. Qxa6 Nf6 23. Qb6+ Ke8 24. Qxb5+ Kd8 25. Qb6+ Ke8 26. Ba4+ Nd7 27. d5 Qc5 28. Bxd7+ Kxd7 29. dxe6+ fxe6 30. Rd1+ Ke8
31. Qxe6+
1-0

[Event "aston294"]
[Site "SchemingMind.com"]
[Date "2009.12.16"]
[Round "-"]
[White "TONYTODD11"]
[Black "The Capitalist"]
[Result "1-0"]
[WhiteCountry "ENG"]
[BlackCountry "USA"]
[WhiteElo "1514"]
[WhiteRD "72"]
[BlackElo "1560"]
[BlackRD "84"]
[GameID "231186"]

1. d4 d5 2. Nc3 Nf6 3. g3 Bf5 4. Bg2 e6 5. Bg5 Bb4 6. Nf3 h6 7. Bf4 a6 8. Ne5 g5 9. Be3 O-O 10. O-O Nbd7
11. f4 Ne4 12. g4 Nxc3 13. bxc3 Be4 14. Bxe4 dxe4 15. cxb4 Nxe5 16. fxe5 Qe7 17. d5 Rfd8 18. Bc5 Qd7 19. d6 cxd6 20. exd6 b5
21. Qd4 Re8 22. Rf6 Qb7 23. Qe5 Qd5 24. Qxd5 exd5 25. Bd4 Re6 26. Raf1 Rxf6 27. Rxf6 Kf8 28. d7 Rd8 29. Rxh6 Rxd7 30. Bf6
1-0

[Event "aston294"]
[Site "SchemingMind.com"]
[Date "2009.12.15"]
[Round "-"]
[White "Aquila"]
[Black "diari"]
[Result "0-1"]
[WhiteCountry "HUN"]
[BlackCountry "HUN"]
[WhiteElo "1422"]
[WhiteRD "83"]
[BlackElo "1660"]
[BlackRD "194"]
[GameID "231187"]

1. Nf3 d5 2. d4 Nf6 3. Nc3 e6 4. Bg5 Be7 5. Bxf6 Bxf6 6. e3 O-O 7. Qd3 Nc6 8. a3 Re8 9. Ne2 e5 10. dxe5 Nxe5
11. Nxe5 Bxe5 12. c3 c5 13. f4 Bf6 14. h4 d4 15. cxd4 cxd4 16. e4 Qb6 17. Rb1 Be6 18. e5 Be7 19. Ng3 Ba2 20. Rc1 Qxb2
21. Rc2 Qb1+ 22. Kf2 Bb3 23. Rb2 Qxb2+ 24. Be2 Qc2 25. Qb5 d3 26. Qxd3 Bc5+ 27. Kf3 Qxd3+ 28. Bxd3 Rad8 29. Ke2 f6 30. Rb1 Bd5
31. Bb5 Re6 32. Rd1 a6 33. Ba4 Bc4+ 34. Ke1 Rxd1+ 35. Bxd1 Bxa3 36. Ne4 h6 37. Bg4 Re7 38. e6 Bxe6 39. Bxe6+ Rxe6
0-1

[Event "aston294"]
[Site "SchemingMind.com"]
[Date "2009.12.17"]
[Round "-"]
[White "Carl Lenox"]
[Black "simon_w"]
[Result "0-1"]
[WhiteCountry "CAN"]
[BlackCountry "IRL"]
[WhiteElo "1406"]
[WhiteRD "67"]
[BlackElo "1946"]
[BlackRD "82"]
[GameID "231342"]

1. e4 c5 2. d4 cxd4 3. Nf3 Nc6 4. Nxd4 d6 5. Nc3 Nf6 6. Bd3 Nxd4 7. Be3 Nc6 8. O-O e6 9. Bb5 Bd7 10. Re1 a6
11. Bd3 Be7 12. Qd2 O-O 13. Rad1 Ng4 14. Ne2 Nxe3 15. Qxe3 Nb4 16. a3 Nxd3 17. Qxd3 Qb6 18. b4 Bb5 19. c4 Bc6 20. Nf4 Rfd8
21. Rb1 Qc7 22. Rbd1 b5
0-1

[Event "aston294"]
[Site "SchemingMind.com"]
[Date "2009.12.16"]
[Round "-"]
[White "Harmonicus"]
[Black "DanielBN"]
[Result "0-1"]
[WhiteCountry "CHI"]
[BlackCountry "GER"]
[WhiteElo "1639"]
[WhiteRD "170"]
[BlackElo "1518"]
[BlackRD "143"]
[GameID "231343"]

1. e4 e5 2. Bc4 Nf6 3. d3 Be7 4. Nc3 O-O 5. f4 d6 6. Nf3 Bg4 7. O-O Nc6 8. Qe1 Nd4 9. fxe5 dxe5 10. Nxd4 Qxd4+
0-1

[Event "aston294"]
[Site "SchemingMind.com"]
[Date "2009.12.18"]
[Round "-"]
[White "simon_w"]
[Black "Carl Lenox"]
[Result "1-0"]
[WhiteCountry "IRL"]
[BlackCountry "CAN"]
[WhiteElo "1912"]
[WhiteRD "83"]
[BlackElo "1348"]
[BlackRD "64"]
[GameID "231348"]

1. e4 c5 2. Nf3 a6 3. Nc3 e6 4. d4 d5 5. exd5 exd5 6. Be2 c4 7. O-O b5 8. Re1 Nf6 9. Bg5 Be7 10. Ne5 O-O
11. Qd2 Ne4 12. Nxe4 dxe4 13. Bxe7 Qxe7 14. Qf4 Bb7 15. c3 Nc6 16. Nxc6 Bxc6 17. Rad1 a5 18. d5 Bd7 19. Bf3 Rfe8 20. d6 Qf6
21. Qxf6 gxf6 22. Rxe4 f5 23. Red4 Rad8 24. h3 a4 25. g4 Kh8 26. Rf4 Re5 27. Kg2 Rg8 28. Kh2 Ree8 29. gxf5 Rb8 30. Bg4 b4
31. Rxc4 bxc3 32. bxc3
1-0

[Event "aston294"]
[Site "SchemingMind.com"]
[Date "2009.12.16"]
[Round "-"]
[White "DanielBN"]
[Black "Harmonicus"]
[Result "1-0"]
[WhiteCountry "GER"]
[BlackCountry "CHI"]
[WhiteElo "1518"]
[WhiteRD "143"]
[BlackElo "1639"]
[BlackRD "170"]
[GameID "231349"]

1. e4 e5 2. Nf3 Nc6 3. d4 exd4 4. Nxd4 Nf6 5. Nxc6 bxc6 6. Bd3 d5 7. exd5 cxd5 8. O-O Be7 9. Re1 O-O 10. Nc3 c6
11. Qe2
1-0

[Event "aston294"]
[Site "SchemingMind.com"]
[Date "2010.02.09"]
[Round "-"]
[White "Phillip Beckett"]
[Black "somar96"]
[Result "0-1"]
[WhiteCountry "ENG"]
[BlackCountry "POL"]
[WhiteElo "1745"]
[WhiteRD "62"]
[BlackElo "1896"]
[BlackRD "57"]
[GameID "238323"]

1. e4 c5 2. Nf3 e6 3. d4 cxd4 4. Nxd4 a6 5. Bd3 Ne7 6. O-O Nbc6 7. Nb3 g6 8. f4 Bg7 9. Kh1 O-O 10. c3 d5
11. exd5 Nxd5 12. N1d2 Ne3 13. Qe2 Nxf1 14. Nxf1 b6 15. Be3 Bb7 16. Qf2 b5 17. Nc5 Bc8 18. Bc2 Qc7 19. Ne4 Bb7 20. Ng5 h6
21. Ne4 Ne7 22. Bb6 Qc6 23. Neg3 Nd5 24. Ba5 Nxf4 25. Be4 Nd5 26. Ne3 Rae8 27. Ne2 Qc8 28. Nxd5 Bxd5 29. Ng3 Bxe4 30. Nxe4 Qc6
31. Nf6+ Bxf6 32. Qxf6 Rc8 33. Rf1 e5 34. Qxe5 Rfe8 35. Qf4 Qc4 36. Qf6 Rc6 37. Qf2 Re2 38. Qf3 Rxb2 39. Bb4 Rxa2 40. Qd1 Rd2
41. Qe1 Re6 42. Qb1 Qd3 43. Qa1 Qe2
0-1

[Event "aston294"]
[Site "SchemingMind.com"]
[Date "2010.02.09"]
[Round "-"]
[White "somar96"]
[Black "Phillip Beckett"]
[Result "1-0"]
[WhiteCountry "POL"]
[BlackCountry "ENG"]
[WhiteElo "1896"]
[WhiteRD "57"]
[BlackElo "1745"]
[BlackRD "62"]
[GameID "238328"]

1. e4 e5 2. Nf3 Nc6 3. d4 exd4 4. Nxd4 Bc5 5. Be3 Qf6 6. c3 Nge7 7. g3 d6 8. Bg2 Nxd4 9. cxd4 Bb4+ 10. Nc3 O-O
11. O-O Nc6 12. a3 Ba5 13. Nd5 Qg6 14. b4 Bb6 15. b5 Be6 16. bxc6 Bxd5 17. exd5
1-0

[Event "aston294"]
[Site "SchemingMind.com"]
[Date "2010.02.15"]
[Round "-"]
[White "Eden"]
[Black "DanielBN"]
[Result "1-0"]
[WhiteCountry "CZE"]
[BlackCountry "GER"]
[WhiteElo "1478"]
[WhiteRD "77"]
[BlackElo "1414"]
[BlackRD "131"]
[GameID "238994"]

1. e4 e5 2. Qh5 d6 3. Bc4 g6 4. Qf3 Be6 5. Bxe6 fxe6 6. d3 Qe7 7. h4 Nc6 8. c3 O-O-O 9. Bg5 Qg7 10. Bxd8 Nxd8
11. Nh3 d5 12. exd5 exd5 13. Qxd5 Ne7 14. Qa5 Nec6 15. Qa4 Bd6 16. Nd2 Ne6 17. b4 e4 18. Nxe4 Rd8 19. b5 Ne5 20. d4 Nd3+
21. Ke2 Nef4+ 22. Nxf4 Bxf4 23. Kxd3
1-0

[Event "aston294"]
[Site "SchemingMind.com"]
[Date "2010.02.15"]
[Round "-"]
[White "DanielBN"]
[Black "Eden"]
[Result "0-1"]
[WhiteCountry "GER"]
[BlackCountry "CZE"]
[WhiteElo "1414"]
[WhiteRD "131"]
[BlackElo "1478"]
[BlackRD "77"]
[GameID "239000"]

1. e4 d5 2. exd5 Qxd5 3. Nc3 Qa5 4. Nf3 c6 5. Be2 Bg4 6. O-O e6 7. h3 Bxf3 8. Bxf3 Bd6 9. d3 Qc7 10. g3 h6
11. Re1 Nd7 12. Ne4 f5 13. Nxd6+ Qxd6 14. Bh5+ Kd8 15. Bf7 e5 16. Bf4 Ne7 17. d4 exf4 18. Qe2 fxg3 19. fxg3 Qxg3+ 20. Qg2 Qxg2+
21. Kxg2 g6 22. Re2 Rf8 23. Bc4 b5 24. Bb3 a5 25. a4 b4 26. Rae1 Nd5
0-1

[Event "aston294"]
[Site "SchemingMind.com"]
[Date "2010.02.18"]
[Round "-"]
[White "jtrochez1"]
[Black "TONYTODD11"]
[Result "1-0"]
[WhiteCountry "HON"]
[BlackCountry "ENG"]
[WhiteElo "1589"]
[WhiteRD "51"]
[BlackElo "1440"]
[BlackRD "75"]
[GameID "239240"]

1. e4 c6 2. d4 d5 3. e5 Bf5 4. Nf3 e6 5. a3 c5 6. c3 Nc6 7. Bd3 Bxd3 8. Qxd3 c4 9. Qc2 Nge7 10. Nbd2 Qc7
11. b4 Ng6 12. Nf1 Be7 13. Ng3 O-O-O 14. a4 f6 15. a5 fxe5 16. dxe5 Ncxe5 17. Nxe5 Qxe5+ 18. Ne2 d4 19. cxd4 Bxb4+ 20. Kf1 Qf6
21. Qxc4+ Kb8 22. Qxb4 Rhf8 23. Be3 Rd5 24. Rb1 Rf7 25. a6 Rdd7 26. axb7 Rxb7 27. Qe1 Rxb1 28. Qxb1+ Kc8 29. Ng3 Nf4 30. Ne4 Qg6
31. Nd6+ Kd7 32. Qxg6 Nxg6 33. Nxf7
1-0

[Event "aston294"]
[Site "SchemingMind.com"]
[Date "2010.02.18"]
[Round "-"]
[White "TONYTODD11"]
[Black "jtrochez1"]
[Result "0-1"]
[WhiteCountry "ENG"]
[BlackCountry "HON"]
[WhiteElo "1440"]
[WhiteRD "75"]
[BlackElo "1589"]
[BlackRD "51"]
[GameID "239243"]

1. e4 e5 2. f4 d6 3. Nf3 Bg4 4. Be2 Bxf3 5. Bxf3 Nc6 6. d3 Be7 7. f5 Nf6 8. Nc3 Nd4 9. Be3 Nxf3+ 10. Qxf3 a6
11. O-O Qd7 12. Rad1 O-O-O 13. d4 Qe8 14. dxe5 dxe5 15. Qf2 Ng4 16. Qf3 Nxe3 17. Qxe3 Qc6 18. Na4 Qxa4 19. Qa7 Bd6 20. Rd5 b6
21. Rfd1 f6 22. Qa8+ Kd7 23. Qb7 Ke8 24. Rxd6 cxd6 25. Qd5 Qxc2 26. Qe6+ Kf8 27. Rxd6 Qc1+ 28. Kf2 Qxb2+ 29. Ke1 Qb4+ 30. Kf2 Qxd6
0-1

[Event "aston294"]
[Site "SchemingMind.com"]
[Date "2010.04.04"]
[Round "-"]
[White "Teagy"]
[Black "XTC"]
[Result "1-0"]
[WhiteCountry "ENG"]
[BlackCountry "COL"]
[WhiteElo "1839"]
[WhiteRD "80"]
[BlackElo "1896"]
[BlackRD "58"]
[GameID "243656"]

1. e4 e5 2. f4 exf4 3. Nf3 g5 4. h4 g4 5. Ne5 Nf6 6. Bc4 d5 7. exd5 Bd6 8. d4 Nh5 9. O-O O-O 10. Bxf4 Qxh4
11. Bh6 g3 12. Rf3 Qh2+ 13. Kf1 Qh1+ 14. Ke2 Qxg2+ 15. Ke3 Re8 16. Rxf7 Rxe5+ 17. dxe5 Qh3 18. Qf3
1-0